Use of recycle materials in Indian Tyre industry (Record no. 71922)

MARC details
000 -LEADER
fixed length control field 00562nam a2200169Ia 4500
100 ## - MAIN ENTRY--AUTHOR NAME
Personal name Agarwal S L
245 #0 - TITLE STATEMENT
Title Use of recycle materials in Indian Tyre industry
260 ## - PUBLICATION, DISTRIBUTION, ETC. (IMPRINT)
Name of publisher Proceedings of the National Conference and Exposition on Rubber and Allied Materials. India Rub Tech Expo 2004. 13-14 February, 2004, Mysore.pp.405-408.
650 ## - SUBJECT ADDED ENTRY--TOPICAL TERM
Topical Term India
650 ## - SUBJECT ADDED ENTRY--TOPICAL TERM
Topical Term Recycling technology
650 ## - SUBJECT ADDED ENTRY--TOPICAL TERM
Topical Term Tyre industry
700 ## - ADDED ENTRY--PERSONAL NAME
Personal name Banerjee S
700 ## - ADDED ENTRY--PERSONAL NAME
Personal name Deuri A S
700 ## - ADDED ENTRY--PERSONAL NAME
Personal name Mukhopadhyay R
942 ## - ADDED ENTRY ELEMENTS (KOHA)
Koha item type Journals
Holdings
Withdrawn status Lost status Damaged status Not for loan Home library Current library Shelving location Date acquired Koha item type
      Journals RRII Library RRII Library Rubber chemistry 17/12/2021 Journals